Responses for Show #6217 - Tuesday, October 4, 2011

Joon Pahk game 2.

Contestants

[<< previous game]

Megan Johnson, an attorney originally from Toledo, Ohio

Elaine Ricci, a tutor and substitute teacher from Houston, Texas

Joon Pahk, a college physics teacher from Somerville, Massachusetts (whose 1-day cash winnings total $28,800)

[next game >>]

Jeopardy! Round responses

METALS
THE STAN LEE CUP
THEY OUGHT TO MAKE A MOVIE
DOUBLE "D"
A STICKY SITUATION
PAN AM IN THE '60s
(Karine Vanasse: On the new series Pan Am we portray the greatest era of a great airline--Pan Am in the '60s.)
    $200 1
Chile

Elaine
    $200 17
Spider-Man

Joon
    $200 22
Eisenhower

Joon
    $200 6
midday

Joon
    $200 11
Elmer's (glue)

Elaine
    $200 14
JFK

Joon
    $400 2
zirconium

Joon
    $400 18
Thor

Megan
    $400 23
Betty Crocker

Elaine
    $400 7
a peddler

Elaine
    $400 12
molasses

Elaine
    $400 27
the Beatles

Joon
    $600 3
mercury

Joon
    $600 19
the Hulk

Elaine
    $600 24
Spot

Elaine
    $600 8
shudder

Elaine
    $600 13
Velcro

Megan
    $600 28
James Bond

Joon
    $800 4
platinum

Joon
    $800 20
the Fantastic Four

Elaine
    $800 25
Europe

Joon
    $800 9
an adder

Elaine
    $800 15
suckers

Triple Stumper
    $800 29
(Joon: What is getting pregnant?)

getting married

Joon
Triple Stumper
    $1,800 5
germanium

Joon
    $1000 21
the X-Men

Joon
    $1000 26
The Emperor's New Clothes

Joon
    $1000 10
Luddites

Joon
    $1000 16
papier-mâché

Joon
    $1000 30
Moscow

Joon

Scores at the first commercial break (after clue 15):

Joon Elaine Megan
$5,000 $2,600 $600

Scores at the end of the Jeopardy! Round:

Joon Elaine Megan
$10,400 $5,000 $1,000

Double Jeopardy! Round responses

PLAYS & PLAYWRIGHTS
NOT TO BE CONFUSED
ANCIENT GREECE
EMMY-WINNING GUEST APPEARANCES
WILLIAM & KATE
PLUS 8
    $400 8
Arthur Miller

Joon
    $400 23
(Alex: Less than a minute now.)

compote

Joon
    $400 13
Alexander

Joon
    $400 1
Betty White

Megan
    $400 6
Westminster Abbey

Megan
    $400 18
152

Joon
    $800 9
Waiting for Godot

Elaine
    $800 14
Sparta

Elaine
    $800 2
Murphy Brown

Megan
    $800 7
the RAF (Royal Air Force)

Joon
    $800 19
(Joon: What is 6,074?)
...
(Alex: Joon, you got in there too quickly. You had your mouth going before your brain was completely engaged.)

6,041

Joon
Triple Stumper
    $1200 10
(Tony) Kushner

Joon
    $1200 15
a theater

Elaine
    $1,200 3
Glee

Megan
    $1200 26
Henry VIII

Elaine
    $1200 20
218

Joon
    $1600 11
(George Bernard) Shaw

Elaine
    $1600 25
a pear

Megan
    $1600 16
(Joon: What is Athens?)

Delphi

Joon
Triple Stumper
    $1600 4
Dexter

Megan
    $1600 27
[The end-of-round signal sounds.]

Cambridge

Joon
    $16,400 21
740

Joon
    $2000 12
Lillian Hellman

Joon
    $2000 24
Tordesillas

Joon
    $2000 17
the Peloponnesian War

Joon
    $2000 5
[Applause for Megan's run of the category]
(Alex: He was funny, too, and you ran the category and moved yourself into second place.)

Frasier

Megan
    $2000 22
[Applause for Joon]
(Alex: You're good at math. You got 'em all, except, uh, that one.)

8,408

Joon

Scores at the end of the Double Jeopardy! Round:

Joon Elaine Megan
$38,800 $10,600 $9,000
(lock game)

[wagering suggestions for these scores]

Final Jeopardy! Round responses

EUROPEAN TRAVEL & TOURISM
(Alex: [*], Admiral Nelson's column there.)
[Elaine had a mark written after the S which appeared to be the beginning of a q, but was not sufficiently complete to be sure, and was ruled incorrect by the judges after Alex initially appeared ready to accept it as correct.]
MeganWhat is Trafalgar Square.
$8,999
ElaineWhat is Trafalgar S.
$10,600
JoonWhat is Trafalgar Sq.?
$12,000
Trafalgar Square

Final scores:

Joon Elaine Megan
$50,800 $0 $17,999
2-day champion: $79,600 3rd place: $1,000 2nd place: $2,000

Game dynamics:

Coryat scores:

Joon Elaine Megan
$23,200 $10,600 $9,000
29 R
(including 2 DDs),
3 W
15 R,
0 W
9 R
(including 1 DD),
0 W

Combined Coryat: $42,800

[game clues] [game scores] [suggest correction]

Game tape date: 2011-08-24
The J! Archive is created by fans, for fans. Scraping, republication, monetization, and malicious use prohibited; this site may use cookies and collect identifying information. See terms. The Jeopardy! game show and all elements thereof, including but not limited to copyright and trademark thereto, are the property of Jeopardy Productions, Inc. and are protected under law. This website is not affiliated with, sponsored by, or operated by Jeopardy Productions, Inc. Join the discussion at JBoard.tv.